Best Current NBA Player From Each College - Statistics

General Stats
  • This quiz has been taken 62 times
  • The average score is 35 of 118
Answer Stats
School Player % Correct
Arizona State James Harden
83%
Davidson Steph Curry
77%
Kentucky Anthony Davis
75%
Liberty Seth Curry
74%
Texas Kevin Durant
72%
UCLA Russell Westbrook
72%
Xavier David West
70%
Duke Kyrie Irving
68%
Washington State Klay Thompson
66%
Syracuse Carmelo Anthony
64%
Michigan State Draymond Green
64%
Memphis Derrick Rose
60%
Arkansas Joe Johnson
58%
Loyola Marymount | UC Santa Barbara Orlando Johnson
58%
Iowa State Wesley Johnson
58%
Oklahoma Blake Griffin
57%
Wake Forest Chris Paul
57%
Weber State Damian Lillard
57%
Illinois Deron Williams
55%
Fresno State Paul George
55%
Kansas Andrew Wiggins
53%
Butler Gordon Hayward
53%
Marquette Jimmy Butler
53%
Lehigh C.J. McCollum
51%
Washington Isaiah Thomas
51%
Colorado State Jason Smith
51%
Harvard Jeremy Lin
51%
San Diego State Kawhi Leonard
51%
La Salle Rasual Butler
51%
Connecticut Andre Drummond
49%
LSU Ben Simmons
47%
Texas A&M DeAndre Jordan
47%
Villanova Kyle Lowry
47%
Boston College Reggie Jackson
47%
Houston Jonathon Simmons
45%
USC DeMar DeRozan
42%
Tennessee Tobias Harris
42%
Louisiana Tech Paul Millsap
40%
Stanford Brook Lopez
38%
Rutgers Dahntay Jones
38%
IUPUI George Hill
38%
Miami James Jones
38%
Providence Kris Dunn
38%
Marshall Hassan Whiteside
36%
Indiana Victor Oladipo
34%
Louisiana-Lafayette Elfrid Payton
32%
North Carolina Harrison Barnes
32%
Ohio State Mike Conley
32%
Creighton Kyle Korver
30%
Pittsburgh Steven Adams
28%
Clemson Trevor Booker
28%
Western Kentucky Courtney Lee
26%
Wisconsin Frank Kaminsky
26%
Temple Lavoy Allen
26%
Oklahoma State Tony Allen
26%
Arizona Andre Iguodala
25%
Utah Andrew Bogut
25%
Wyoming Larry Nance, Jr.
25%
Kansas State Michael Beasley
23%
Missouri | Vanderbuilt DeMarre Carroll
21%
Belmont Ian Clark
21%
Norfolk State Kyle O'Quinn
21%
Murray State Cameron Payne
19%
North Carolina State T.J. Warren
19%
DePaul Wilson Chandler
19%
Georgia Tech Derrick Favors
17%
Notre Dame Jerian Grant
17%
Tulsa Jordan Clarkson
17%
Morehead State Kenneth Faried
17%
Old Dominion Kent Bazemore
17%
New Mexico Tony Snell
17%
Maryland Alex Len
15%
Michigan Jamal Crawford
15%
Georgia Kentavious Caldwell-Pope
15%
Louisville Gorgui Dieng
13%
Georgetown Greg Monroe
13%
Virginia Justin Anderson
13%
Gonzaga Kelly Olynyk
13%
Cincinnati Lance Stephenson
13%
Tennessee State Robert Covington
13%
California Ryan Anderson
13%
Wichita State Cleanthony Early
11%
Bowling Green Richaun Holmes
11%
Oregon Aaron Brooks
9%
Colorado Alec Burks
9%
Purdue E'Twaun Moore
9%
Bucknell Mike Muscala
9%
Mississippi State Rodney Hood
9%
Dayton Brian Roberts
8%
Long Beach State James Ennis
8%
Northeastern J.J. Barea
8%
South Dakota State Nate Wolters
8%
Nevada Ramon Sessions
8%
Detroit Ray McCallum
8%
Georgia State R.J. Hunter
8%
Eastern Washington Rodney Stuckey
8%
Saint Louis Willie Reed
8%
St. Bonaventure Andrew Nicholson
6%
UTEP Julyan Stone
6%
Saint Joseph's Langston Galloway
6%
St. John's Maurice Harkless
6%
Duquesne T.J. McConnell
6%
VCU Troy Daniels
6%
Minnesota Kris Humphries
4%
Saint Mary's Matthew Dellavedova
4%
Baylor Quincy Acy
4%
UNLV Rashad Vaughn
4%
Nicholls State | Utah Valley Ronnie Price
4%
Penn State Tim Frazier
4%
Campbell Trey Freeman
4%
Florida Al Hortford
2%
Virginia Tech Jarrell Eddie
2%
Boston University John Holland
2%
BYU Kyle Collinsworth
2%
Auburn Toney Douglas
2%
No matching quizzes found
Score Distribution
Percent of People with Each Score
Percentile by Number Answered
Your Score History
You have not taken this quiz